MARC details
| 000 -CABECERA |
| campo de control de longitud fija |
01069nam a2200253 u 4500 |
| 005 - FECHA Y HORA DE LA ÚLTIMA TRANSACCIÓN |
| campo de control |
20210223131250.0 |
| 008 - ELEMENTOS DE LONGITUD FIJA--INFORMACIÓN GENERAL |
| campo de control de longitud fija |
100422s2008 ag r 000 0 spa d |
| 020 ## - NÚMERO INTERNACIONAL NORMALIZADO PARA LIBROS |
| Número Internacional Estándar del Libro |
9789508022899 (v.1) |
| 020 ## - NÚMERO INTERNACIONAL NORMALIZADO PARA LIBROS |
| Número Internacional Estándar del Libro |
9789508022882 (v.2) |
| 035 ## - NÚMERO DE CONTROL DEL SISTEMA |
| Número de control de sistema |
UPN01000175463 |
| 049 ## - COLECCIÓN |
| Colección |
CG |
| 050 #4 - SIGNATURA TOPOGRÁFICA DE LA BIBLIOTECA DEL CONGRESO |
| Número de clasificación |
HV887 A7.2 |
| Número de documento/Ítem |
B6.2 |
| 100 1# - ASIENTO PRINCIPAL--NOMBRE PERSONAL |
| Nombre de persona |
Pojomovsky, Julieta |
| 245 10 - MENCIÓN DE TÍTULO |
| Título |
Cruzar la calle / |
| Mención de responsabilidad, etc. |
Julieta Pojomovsky ; colabs. Natalia Cillis, María Florencia Gentile. |
| 260 ## - PUBLICACIÓN, DISTRIBUCIÓN, ETC. |
| Lugar de publicación, distribución, etc. |
Buenos Aires : |
| Nombre del editor, distribuidor, etc. |
Espacio, |
| Fecha de publicación, distribución, etc. |
2008. |
| 300 ## - DESCRIPCIÓN FÍSICA |
| Extensión |
2 v. : |
| Otras características físicas |
il. |
| 505 8# - NOTA DE CONTENIDO CON FORMATO PREESTABLECIDO |
| Nota de contenido con formato |
Contenido: |
| Información miscelánea |
v.1. |
| Título |
Niñez y adolescencia en las calles de la ciudad -- |
| Información miscelánea |
v.2. |
| Título |
Vínculos con las instituciones y relaciones de género entre niños, niñas y adolescentes en situacion de calle |
| 650 #4 - ASIENTO SECUNDARIO DE MATERIA - TERMINO TEMATICO |
| Término de materia o nombre geográfico como elemento de entrada |
NIÑOS DE LA CALLE - |
| Subdivisión geográfica |
BUENOS AIRES, AGENTINA |
| 9 (RLIN) |
16006 |
| 650 #4 - ASIENTO SECUNDARIO DE MATERIA - TERMINO TEMATICO |
| Término de materia o nombre geográfico como elemento de entrada |
NIÑOS - |
| Subdivisión geográfica |
BUENOS AIRES, ARGENTINA - |
| Subdivisión general |
CONDICIONES SOCIALES |
| 9 (RLIN) |
16007 |
| 650 #4 - ASIENTO SECUNDARIO DE MATERIA - TERMINO TEMATICO |
| Término de materia o nombre geográfico como elemento de entrada |
ADOLESCENTES - |
| Subdivisión geográfica |
BUENOS AIRES, ARGENTINA - |
| Subdivisión general |
CONDICIONES SOCIALES |
| 9 (RLIN) |
16008 |
| 700 1# - ASIENTO SECUNDARIO--NOMBRE DE PERSONAL |
| Nombre de persona |
Cillis, Natalia, |
| Término indicativo de función/relación |
colab. |
| 700 1# - ASIENTO SECUNDARIO--NOMBRE DE PERSONAL |
| Nombre de persona |
Gentile, María Florencia, |
| Término indicativo de función/relación |
colab. |
| 905 ## - TIPO DE MATERIAL |
| Tipo de material |
Libro |